000 00570nam a22001817a 4500
005 20251108175619.0
008 250721s2017 xx 000 0 ara d
082 1 4 _aط/ق/ناص
100 1 _aناصر، أمل
245 1 0 _aموسيقى /
264 1 _aلبنان :
_bدار البنان للطباعة والتسجيل والنشر والتوزيع،
_c2017.
300 _a23ص.
650 1 7 _aادب الاطفال
650 1 7 _aالقصص العربية
653 _aاطفال مرحلة متوسطة(6-9)سنوات
942 _2ddc
_cBK
999 _c138269
_d138269